000 00631nam a2200229 i 4500
001 C2-0253263
003 PPAK
005 20180727220434.0
008 040229s2003 my |||| ||||| | may d
040 _aPPAK
_beng
_cPPAK
_erda
082 0 4 _a006.3
_223
090 0 0 _a006.3
_bSIS
_dR
245 0 0 _aSistem cerdas
264 1 _aKuala Lumpur :
_bUniversiti Terbuka Malaysia (OUM) ,
_c2003
300 _av, 318 pages ;
_c30 cm
336 _2rdacontent
_atext
337 _2rdamedia
_aunmediated
338 _2rdacarrier
_avolume
500 _aCOMP 4205 (TM 420 20)
650 1 0 _aProlog (Computer program language)
942 _ddc
_cB
999 _c66144
_d66144